| 000 | 00862nam a2200301 i 4500 | ||
|---|---|---|---|
| 001 | 000013167 | ||
| 003 | DO-SdBNP | ||
| 005 | 20240530073916.0 | ||
| 007 | ta | ||
| 008 | 091120s1984 dr 000 0 spa d | ||
| 020 | _a8484000656 | ||
| 040 |
_aDO-SdBNP _bspa _cBNPHU _erda |
||
| 082 | 4 |
_aRD863.44 _bV145L 1984 _222 |
|
| 100 | 1 |
_aValdez, Diógenes _922958 |
|
| 245 | 1 | 0 |
_aLucinda Palmares / _cDiógenes Valdez. |
| 250 | _a2a edición | ||
| 264 |
_aSanto Domingo : _bTaller _c1984 |
||
| 300 |
_a181 páginas ; _c20. |
||
| 336 |
_2rdacontent _atexto _btxt |
||
| 337 |
_2rdamedia _asin mediación _bn |
||
| 338 |
_2rdacarrier _avolumen _bnc |
||
| 490 | 0 |
_aBiblioteca Taller _v120 |
|
| 590 | _aInventariado, 2021 /LP | ||
| 650 | 0 |
_aNovela dominicana _9223 |
|
| 650 | 4 |
_aLiteratura dominicana _978570 |
|
| 910 | _aLP/Validado, 2023/MFF | ||
| 942 |
_2ddc _cLBS1 |
||
| 999 |
_c12806 _d12806 |
||